[Event "SVK-chT2B 2223"]
[Site "Slovakia"]
[Date "2022.11.12"]
[Round "3.7"]
[White "Behul, Pavol"]
[Black "Hudoba, Ondrej"]
[Result "0-1"]
[WhiteElo "1893"]
[BlackElo "2077"]
[PlyCount "84"]
[EventDate "2022.10.08"]
[EventType "team-tourn"]
[EventRounds "11"]
[EventCountry "SVK"]
[SourceTitle "EXT 2024"]
[Source "ChessBase"]
[SourceDate "2023.10.10"]
[SourceVersion "1"]
[SourceVersionDate "2023.10.10"]
[SourceQuality "1"]
[WhiteTeam "Surany"]
[BlackTeam "Levice II"]
[WhiteTeamCountry "SVK"]
[BlackTeamCountry "SVK"]

1. d4 Nf6 2. Nf3 e6 3. c4 b6 4. Nc3 Bb7 5. Bg5 Bb4 6. a3 Bxc3+ 7. bxc3 h6 8. Bxf6 Qxf6 9. e3 d6 10. Be2 Nd7 11. 0-0 0-0 12. Nd2 e5 13. Bf3 Bxf3 14. Nxf3 Rfe8 15. Nd2 Nf8 16. Qc2 Ng6 17. Kh1 Qg5 18. Nf3 Qg4 19. h3 Qe6 20. d5 Qd7 21. e4 Rf8 22. Ng1 f5 23. f3 f4 24. a4 a5 25. Rfb1 Qe7 26. Qf2 Rad8 27. Rb2 Qg5 28. Kh2 Rf6 29. Ne2 Rdf8 30. Nc1 Nh4 31. Nd3 Re8 32. Rg1 Rg6 33. Ne1 Qh5 34. g4 fxg3+ 35. Rxg3 Rf6 36. Rg4 g5 37. Qg3 Ref8 38. Rf2 Kh8 39. Kg1 Qe8 40. Rxh4 gxh4 41. Qxh4 Rg6+ 42. Kh2 Rf4 0-1

[Event "SVK-chT2B 1213"]
[Site "Slovakia"]
[Date "2013.03.17"]
[Round "11.1"]
[White "Sukuba, Zdeno"]
[Black "Behul, Pavol"]
[Result "1/2-1/2"]
[WhiteElo "2107"]
[BlackElo "1995"]
[PlyCount "32"]
[EventDate "2012.10.13"]
[EventType "team-tourn"]
[EventRounds "11"]
[EventCountry "SVK"]
[SourceTitle "EXT 2015"]
[Source "ChessBase"]
[SourceDate "2014.11.20"]
[SourceVersion "1"]
[SourceVersionDate "2014.11.20"]
[SourceQuality "1"]
[WhiteTeam "Dubnica nad Vahom II"]
[BlackTeam "Surany"]
[WhiteTeamCountry "SVK"]
[BlackTeamCountry "SVK"]

1. Nf3 Nf6 2. c4 d6 3. g3 g6 4. Bg2 Bg7 5. 0-0 0-0 6. Nc3 Nc6 7. d3 h6 8. Rb1 e5 9. b4 Bg4 10. b5 Ne7 11. Nd2 Qc8 12. Ba3 Bh3 13. e3 Bxg2 14. Kxg2 Nd7 15. Nd5 Re8 16. Qc2 b6 1/2-1/2

[Event "SVK-chT2B 1213"]
[Site "Slovakia"]
[Date "2013.03.16"]
[Round "10.1"]
[White "Psota, Roman"]
[Black "Behul, Pavol"]
[Result "0-1"]
[WhiteElo "1819"]
[BlackElo "1995"]
[PlyCount "110"]
[EventDate "2012.10.13"]
[EventType "team-tourn"]
[EventRounds "11"]
[EventCountry "SVK"]
[SourceTitle "EXT 2015"]
[Source "ChessBase"]
[SourceDate "2014.11.20"]
[SourceVersion "1"]
[SourceVersionDate "2014.11.20"]
[SourceQuality "1"]
[WhiteTeam "Trencin II"]
[BlackTeam "Surany"]
[WhiteTeamCountry "SVK"]
[BlackTeamCountry "SVK"]

1. d4 Nf6 2. Nf3 d6 3. c4 g6 4. Nc3 Bg7 5. e4 0-0 6. Be2 Nc6 7. d5 Nb8 8. 0-0 e5 9. Be3 h6 10. h3 Ne8 11. Nd2 f5 12. f4 exf4 13. Bxf4 g5 14. Be3 f4 15. Bf2 Nd7 16. Nf3 Ne5 17. Nd4 Qe7 18. Rc1 c5 19. dxc6 bxc6 20. Nxc6 Nxc6 21. Qd5+ Be6 22. Qxc6 Nf6 23. Rcd1 Rfd8 24. c5 dxc5 25. Bxc5 Qf7 26. Qa6 Nd7 27. Bh5 Qf6 28. Bd4 Ne5 29. Bxe5 Qxe5 30. Bf3 Qc5+ 31. Kh1 Bc4 32. Qg6 Bxf1 33. Qe6+ Kh8 34. Rxf1 Rd6 35. Qe7 Rad8 36. Nd5 Qc4 37. Rd1 R6d7 38. Qe6 Qxa2 39. Kh2 Qxb2 40. Qg6 Qe5 41. Rc1 Qd6 42. Qh5 a5 43. Bg4 f3+ 44. Kh1 fxg2+ 45. Kxg2 Rb7 46. Rc2 Rb3 47. Bf3 Rf8 48. Rf2 Rb2 49. Rxb2 Bxb2 50. Bg4 Bg7 51. h4 gxh4 52. Qxh4 Qg6 53. Kh3 Qxe4 54. Ne7 Qd3+ 55. Kg2 Qf1+ 0-1

[Event "SVK-chT2B 1112"]
[Site "Slovakia"]
[Date "2012.01.29"]
[Round "9.2"]
[White "Behul, Pavol"]
[Black "Pinter, Patrik"]
[Result "0-1"]
[WhiteElo "2151"]
[BlackElo "2185"]
[PlyCount "48"]
[EventDate "2011.10.08"]
[EventType "team-tourn"]
[EventRounds "11"]
[EventCountry "SVK"]
[SourceTitle "EXT 2013"]
[Source "ChessBase"]
[SourceDate "2012.11.22"]
[SourceVersion "1"]
[SourceVersionDate "2012.11.22"]
[SourceQuality "1"]
[WhiteTeam "Surany Lokomotiva"]
[BlackTeam "Topolcianky SK"]
[WhiteTeamCountry "SVK"]
[BlackTeamCountry "SVK"]

1. e4 d6 2. d4 Nf6 3. Nc3 g6 4. Be3 c6 5. Qd2 Nbd7 6. Nf3 b5 7. e5 Ng4 8. exd6 Nb6 9. d5 b4 10. dxc6 Nxe3 11. d7+ Nxd7 12. cxd7+ Bxd7 13. Qxe3 bxc3 14. Qxc3 Rg8 15. Qd2 Qb6 16. Rd1 Rd8 17. Bc4 Qxb2 18. 0-0 e6 19. Rb1 Qa3 20. Ne5 Bd6 21. Nxd7 Kxd7 22. Rb7+ Kc8 23. Qe2 Kxb7 24. Ba6+ Kc7 0-1

[Event "SVK-chT2B 1112"]
[Site "Slovakia"]
[Date "2011.12.03"]
[Round "5.6"]
[White "Spik, Peter"]
[Black "Behul, Pavol"]
[Result "1-0"]
[WhiteElo "2031"]
[BlackElo "2018"]
[PlyCount "77"]
[EventDate "2011.10.08"]
[EventType "team-tourn"]
[EventRounds "11"]
[EventCountry "SVK"]
[SourceTitle "EXT 2013"]
[Source "ChessBase"]
[SourceDate "2012.11.22"]
[SourceVersion "1"]
[SourceVersionDate "2012.11.22"]
[SourceQuality "1"]
[WhiteTeam "Sala Slovan Duslo"]
[BlackTeam "Surany Lokomotiva"]
[WhiteTeamCountry "SVK"]
[BlackTeamCountry "SVK"]

1. d4 Nf6 2. Nf3 d6 3. c4 g6 4. Nc3 Bg7 5. e4 0-0 6. Bd3 Nc6 7. Be3 e5 8. d5 Ne7 9. Qd2 Ng4 10. h3 Nxe3 11. Qxe3 h6 12. g4 Bd7 13. 0-0-0 a6 14. Rdg1 c5 15. g5 h5 16. Nd2 b5 17. Ne2 Rb8 18. Rg3 bxc4 19. Bxc4 Qb6 20. Qa3 a5 21. Rb3 Qa7 22. Nc3 Rb4 23. Bb5 Ra8 24. Kb1 Bxb5 25. Nxb5 Qd7 26. Nc3 Nc8 27. Rxb4 cxb4 28. Qa4 Qxa4 29. Nxa4 Bf8 30. Rc1 Be7 31. Nf3 Kf8 32. Rc6 Bd8 33. b3 Ke8 34. h4 Kd7 35. Kc2 Ra7 36. Kd3 Rb7 37. Nxe5+ Ke7 38. Rxc8 dxe5 39. Rc6 1-0

[Event "SVK-chT2B 1112"]
[Site "Slovakia"]
[Date "2011.10.09"]
[Round "2.6"]
[White "Behul, Pavol"]
[Black "Danczi, Tomas"]
[Result "1-0"]
[WhiteElo "2018"]
[BlackElo "1376"]
[PlyCount "55"]
[EventDate "2011.10.08"]
[EventType "team-tourn"]
[EventRounds "11"]
[EventCountry "SVK"]
[SourceTitle "EXT 2013"]
[Source "ChessBase"]
[SourceDate "2012.11.22"]
[SourceVersion "1"]
[SourceVersionDate "2012.11.22"]
[SourceQuality "1"]
[WhiteTeam "Surany Lokomotiva"]
[BlackTeam "Nove Zamky Basta"]
[WhiteTeamCountry "SVK"]
[BlackTeamCountry "SVK"]

1. Nf3 Nc6 2. g3 e5 3. d3 Bc5 4. Bg2 d6 5. 0-0 Nf6 6. Nc3 0-0 7. b3 Re8 8. Na4 Bb6 9. Nxb6 axb6 10. e4 d5 11. exd5 Nxd5 12. h3 Nd4 13. Bd2 c6 14. Re1 Nxf3+ 15. Qxf3 b5 16. Re4 Qf6 17. Qxf6 Nxf6 18. Re2 Bf5 19. Rae1 Nd7 20. f4 f6 21. Bc3 Re7 22. g4 Bg6 23. d4 Rae8 24. Bb4 c5 25. dxc5 Rb8 26. c6 Ree8 27. cxd7 Red8 28. Rd2 1-0

[Event "SVK-chT2B 0910"]
[Site "Slovakia"]
[Date "2010.02.06"]
[Round "8"]
[White "Behul, Pavol"]
[Black "Pales, Dusan"]
[Result "1-0"]
[WhiteElo "2161"]
[BlackElo "1987"]
[PlyCount "90"]
[EventDate "2009.10.10"]
[EventType "team"]
[EventRounds "11"]
[EventCountry "SVK"]
[SourceTitle "EXT 2011"]
[Source "ChessBase"]
[SourceDate "2010.11.26"]
[SourceVersion "1"]
[SourceVersionDate "2010.11.26"]
[SourceQuality "1"]
[WhiteTeam "Surany"]
[BlackTeam "Nitra NSK III"]
[WhiteTeamCountry "SVK"]
[BlackTeamCountry "SVK"]

1. e4 c5 2. Nf3 Nc6 3. Bb5 e6 4. Bxc6 bxc6 5. e5 Ne7 6. Nc3 Nf5 7. 0-0 Be7 8. d3 0-0 9. Ne4 Qb6 10. b3 f6 11. exf6 Bxf6 12. Nxf6+ Rxf6 13. Bb2 Nd4 14. Ne5 d6 15. Nc4 Qc7 16. f4 Bd7 17. Qd2 Raf8 18. Rae1 R6f7 19. b4 Nf5 20. bxc5 d5 21. Be5 Qd8 22. Nd6 Nxd6 23. Bxd6 Re8 24. Rb1 Qf6 25. Be5 Qf5 26. Qc3 Bc8 27. Rf3 Rd7 28. Rb8 Qf7 29. Rg3 g6 30. Rb1 Red8 31. Qd4 Rb7 32. Re1 Bd7 33. h4 h5 34. Ree3 Kh7 35. Rg5 Rg8 36. g4 hxg4 37. Rg3 Be8 38. R3xg4 Rb1+ 39. Kf2 Qb7 40. h5 Rh1 41. hxg6+ Bxg6 42. f5 Qf7 43. Rh4+ Bh5 44. Rgxh5+ Qxh5 45. Rxh5+ Rxh5 1-0

[Event "SVK-chT2B 0910"]
[Site "Slovakia"]
[Date "2010.01.10"]
[Round "7"]
[White "Torotto, Antal"]
[Black "Behul, Pavol"]
[Result "0-1"]
[WhiteElo "2113"]
[BlackElo "2161"]
[PlyCount "50"]
[EventDate "2009.10.10"]
[EventType "team"]
[EventRounds "11"]
[EventCountry "SVK"]
[SourceTitle "EXT 2011"]
[Source "ChessBase"]
[SourceDate "2010.11.26"]
[SourceVersion "1"]
[SourceVersionDate "2010.11.26"]
[SourceQuality "1"]
[WhiteTeam "Kosihy Europress"]
[BlackTeam "Surany"]
[WhiteTeamCountry "SVK"]
[BlackTeamCountry "SVK"]

1. Nf3 Nf6 2. b3 g6 3. Bb2 Bg7 4. e3 d6 5. d4 0-0 6. Nbd2 c6 7. Be2 Nbd7 8. 0-0 Re8 9. a4 Nf8 10. a5 Bg4 11. h3 Bf5 12. c4 h6 13. b4 g5 14. g4 Bd7 15. c5 Ng6 16. Bd3 Qc8 17. Nh2 Nd5 18. cxd6 exd6 19. Ne4 Qc7 20. Qd2 Nh4 21. Ng3 Re7 22. Rac1 Nf6 23. Nf5 Bxf5 24. Bxf5 d5 25. b5 Qxh2+ 0-1

[Event "SVK-chT2B 0910"]
[Site "Slovakia"]
[Date "2010.01.09"]
[Round "6"]
[White "Behul, Pavol"]
[Black "Pallag, Gergely"]
[Result "1/2-1/2"]
[WhiteElo "1992"]
[BlackElo "2051"]
[PlyCount "69"]
[EventDate "2009.10.10"]
[EventType "team"]
[EventRounds "11"]
[EventCountry "SVK"]
[SourceTitle "EXT 2011"]
[Source "ChessBase"]
[SourceDate "2010.11.26"]
[SourceVersion "1"]
[SourceVersionDate "2010.11.26"]
[SourceQuality "1"]
[WhiteTeam "Surany"]
[BlackTeam "Komarno"]
[WhiteTeamCountry "SVK"]
[BlackTeamCountry "SVK"]

1. d4 Nf6 2. Nf3 e6 3. c4 c5 4. d5 exd5 5. cxd5 d6 6. Nc3 g6 7. e4 Bg7 8. Bd3 0-0 9. 0-0 Re8 10. h3 a6 11. a4 Nbd7 12. Bf4 Qc7 13. Qd2 Rb8 14. Rfc1 Nh5 15. Bh2 Ne5 16. Nxe5 Bxe5 17. f4 Bd4+ 18. Kh1 Qe7 19. Ne2 Bg7 20. Nc3 Qh4 21. Qe1 Qd8 22. Qd2 Qh4 23. Qe1 Qd8 24. g4 Nf6 25. Qg3 Nd7 26. Re1 Qa5 27. Ra3 Qb4 28. Re2 c4 29. Bb1 b5 30. axb5 axb5 31. Qe1 Qc5 32. Ra5 Qb4 33. Ra1 Qc5 34. Ra5 Qb4 35. Ra1 1/2-1/2

[Event "SVK-chT2B 0607"]
[Site "Slovakia"]
[Date "2007.02.03"]
[Round "8.3"]
[White "Nagy, Tomas"]
[Black "Behul, Pavol"]
[Result "1-0"]
[WhiteElo "2125"]
[BlackElo "2020"]
[PlyCount "71"]
[EventDate "2006.10.14"]
[EventType "team-tourn"]
[EventRounds "11"]
[EventCountry "SVK"]
[SourceTitle "EXT 2008"]
[Source "ChessBase"]
[SourceDate "2007.11.25"]
[SourceVersion "1"]
[SourceVersionDate "2007.11.25"]
[SourceQuality "1"]
[WhiteTeam "Sala"]
[BlackTeam "Surany"]
[WhiteTeamCountry "SVK"]
[BlackTeamCountry "SVK"]

1. d4 g6 2. Nf3 Bg7 3. c3 d6 4. e4 Nf6 5. Qc2 0-0 6. Bg5 Nc6 7. Be2 Re8 8. 0-0 h6 9. Bh4 e5 10. dxe5 Nxe5 11. Nxe5 Rxe5 12. f4 Re8 13. Bd3 c6 14. Nd2 Qc7 15. Rae1 b5 16. Kh1 Bb7 17. c4 Nh5 18. cxb5 Nxf4 19. Rxf4 g5 20. Bxg5 hxg5 21. Rf5 Re5 22. Ref1 f6 23. Rxe5 dxe5 24. Bc4+ Kf8 25. Bd5 Rc8 26. bxc6 Ba6 27. Rc1 Bh6 28. Nb3 Rd8 29. Nc5 Bc8 30. Rf1 Kg7 31. Qf2 Rd6 32. Ne6+ Bxe6 33. Qxf6+ Kh7 34. Bxe6 Bg7 35. Qf5+ Kh8 36. Qh3+ 1-0

[Event "SVK-chT2B 0506"]
[Site "Slovakia"]
[Date "2005.12.18"]
[Round "6.2"]
[White "Behul, Pavol"]
[Black "Tkac, Milan"]
[Result "1/2-1/2"]
[WhiteElo "2131"]
[BlackElo "1971"]
[PlyCount "40"]
[EventDate "2005.10.22"]
[EventType "tourn"]
[EventRounds "11"]
[EventCountry "SVK"]
[SourceTitle "EXT 2008"]
[Source "ChessBase"]
[SourceDate "2007.11.25"]
[SourceVersion "1"]
[SourceVersionDate "2007.11.25"]
[SourceQuality "1"]

1. e4 d5 2. exd5 Qxd5 3. Nc3 Qa5 4. d4 Nf6 5. Nf3 Bg4 6. Bd2 c6 7. Ne4 Qc7 8. Ng3 e6 9. h3 Bxf3 10. Qxf3 Nbd7 11. Be2 Be7 12. 0-0 0-0 13. c4 a5 14. Rac1 Rac8 15. Rfe1 Rfe8 16. Bd3 Bf8 17. Bc3 g6 18. Re2 Bg7 19. Rce1 b6 20. Bc2 b5 1/2-1/2

[Event "SVK-chT 0304"]
[Site "Slovakia"]
[Date "2004.01.18"]
[Round "7"]
[White "Behul, Pavol"]
[Black "Chovanec, Milan"]
[Result "1-0"]
[WhiteElo "2127"]
[BlackElo "2196"]
[PlyCount "45"]
[EventDate "2003.10.25"]
[EventType "team-tourn"]
[EventRounds "11"]
[EventCountry "SVK"]
[SourceTitle "EXT 2019"]
[Source "ChessBase"]
[SourceDate "2018.10.10"]
[SourceVersion "1"]
[SourceVersionDate "2018.10.10"]
[SourceQuality "1"]
[WhiteTeam "Nitra"]
[BlackTeam "Dubnica nad Vahom"]
[WhiteTeamCountry "SVK"]
[BlackTeamCountry "SVK"]

1. d4 d5 2. c4 Nc6 3. Nf3 Bg4 4. Qa4 Bxf3 5. gxf3 e6 6. Nc3 Nge7 7. Bg5 Qd7 8. 0-0-0 h6 9. Bh4 g5 10. Bg3 Bg7 11. e3 f5 12. h4 f4 13. exf4 gxf4 14. cxd5 fxg3 15. dxc6 Nxc6 16. d5 exd5 17. Bh3 Qd6 18. Rxd5 Qb4 19. Bd7+ Kf8 20. Rf5+ Kg8 21. Bxc6 Bxc3 22. Bd5+ Kg7 23. Qd7+ 1-0